A policy on highway classification. (Record no. 547290)

000 -LEADER
fixed length control field 00430nam a2200145 a 4500
082 ## - DEWEY DECIMAL CLASSIFICATION NUMBER
Classification number 625.225
Author Mark POL
110 2# - MAIN ENTRY--CORPORATE NAME
Corporate name or jurisdiction name as entry element American Association of State Highway Officials.
9 (RLIN) 19665
245 12 - TITLE STATEMENT
Title A policy on highway classification.
260 ## - PUBLICATION, DISTRIBUTION, ETC.
Place of publication, distribution, etc. Washington :
Name of publisher, distributor, etc. The Association,
Date of publication, distribution, etc. 1947.
300 ## - PHYSICAL DESCRIPTION
Extent 8 p. ;
Dimensions 23 cm.
526 ## - STUDY PROGRAM INFORMATION NOTE
Program name 0
Interest level 0
Reading level 0
Title point value 625_225000000000000_POL
650 #0 - SUBJECT ADDED ENTRY--TOPICAL TERM
Topical term or geographic name entry element MCE
9 (RLIN) 379
650 #0 - SUBJECT ADDED ENTRY--TOPICAL TERM
Topical term or geographic name entry element Traffic engineering.
942 ## - ADDED ENTRY ELEMENTS (KOHA)
Source of classification or shelving scheme
Koha item type Book
Holdings
Withdrawn status Lost status Source of classification or shelving scheme Damaged status Not for loan Permanent Location Current Location Date acquired Total Checkouts Full call number Barcode Date last seen Price effective from Koha item type
          Military College of Engineering (MCE) Military College of Engineering (MCE) 07/07/2014   625.225 POL MCE-40205 07/07/2014 07/07/2014 Book
© 2023 Central Library, National University of Sciences and Technology. All Rights Reserved.